000
00294nam a2200109Ia 4500
001
1265560
005
20260417142029.0
008
260417s9999 xx 000 0 und d
020
_a
9786256999749
245
0
_a
Sular Üstünde Gökler Altında
_c
Kaan Murat Yanık
260
_b
Ketebe Yayınları
999
_c
1265560
_d
1265560